00374nam a22001457a 4500003001200000005001700012008004100029020000600070040001200076082001400088100001700102245005800119260001100177650004000188NUST - PNEC20170116181128.0151006b xxu||||| |||| 00| 0 eng d a- cLIBRARY a954.9 WAS aWasti, Jamil aMy reminiscences of choudhary rahmat alicJamil Wasti cc.1982 aChoudhary rahmat alixGeneral books